000 00515 a2200157 4500
999 _c7830
_d7830
020 _a9781447328667
050 _aJF 1351 AND 2016
100 _aAnderson, Niels, Akerstrom
_eauthor
245 _aPublic management in transition:
_bthe orchestration of potentiality/
_cNiels Akerstrom Andersen
264 _aBristol:
_bPolicy Press,
_c2016
300 _a279p.
500 _aIncludes index
650 _aPublic administration
_xTransitions
700 _aPors, Justine, Gronbaek
_eauthor
942 _2lcc
_cBK
_h1351
_iAND
_kJF